[Event "blitz-b18"]
[Site "?"]
[Date "2021.08.27"]
[Round "13.1"]
[White "Warchol, Bartosz"]
[Black "Niedbala, Bartlomiej"]
[Result "0-1"]
[BlackElo "2125"]
[WhiteElo "1676"]
[LiveChessVersion "1.4.4"]

1. d4 {[%clk 0:03:03]} d5 {[%clk 0:03:04]} 2. c4 {[%clk 0:03:04]} dxc4
{[%clk 0:03:05]} 3. e4 {[%clk 0:03:02]} Nc6 {[%clk 0:03:06]} 4. Nf3
{[%clk 0:02:59]} Bg4 {[%clk 0:03:07]} 5. d5 {[%clk 0:02:54]} Ne5 {[%clk 0:03:07]}
6. Bf4 {[%clk 0:02:49]} Ng6 {[%clk 0:03:06]} 7. Be3 {[%clk 0:02:44]} Nf6
{[%clk 0:03:07]} 8. Nc3 {[%clk 0:02:45]} e5 {[%clk 0:03:08]} 9. Bxc4
{[%clk 0:02:44]} Nh4 {[%clk 0:03:09]} 10. Rg1 {[%clk 0:02:31]} Bd6
{[%clk 0:03:04]} 11. Qa4+ {[%clk 0:02:22]} Bd7 {[%clk 0:03:04]} 12. Qb3
{[%clk 0:02:22]} Ng6 {[%clk 0:02:49]} 13. O-O-O {[%clk 0:01:57]} O-O
{[%clk 0:02:46]} 14. Kb1 {[%clk 0:01:56]} a6 {[%clk 0:02:47]} 15. Bd3
{[%clk 0:01:40]} Ng4 {[%clk 0:02:41]} 16. h3 {[%clk 0:01:27]} Nxe3
{[%clk 0:02:41]} 17. fxe3 {[%clk 0:01:27]} b5 {[%clk 0:02:35]} 18. Ne2
{[%clk 0:01:19]} a5 {[%clk 0:02:32]} 19. Ng3 {[%clk 0:01:19]} a4 {[%clk 0:02:28]}
20. Qc2 {[%clk 0:01:13]} b4 {[%clk 0:02:27]} 21. Qf2 {[%clk 0:01:09]} Rb8
{[%clk 0:02:10]} 22. Nf5 {[%clk 0:01:07]} f6 {[%clk 0:01:35]} 23. g4
{[%clk 0:01:07]} b3 {[%clk 0:01:24]} 24. a3 {[%clk 0:01:06]} Qe8 {[%clk 0:01:14]}
25. h4 {[%clk 0:01:06]} Ne7 {[%clk 0:01:09]} 26. h5 {[%clk 0:00:55]} h6
{[%clk 0:01:07]} 27. N3h4 {[%clk 0:00:55]} Rf7 {[%clk 0:00:44]} 28. Rc1
{[%clk 0:00:46]} Bb5 {[%clk 0:00:33]} 29. Qe2 {[%clk 0:00:43]} Bd7
{[%clk 0:00:29]} 30. Rc3 {[%clk 0:00:41]} Nxf5 {[%clk 0:00:22]} 31. Nxf5
{[%clk 0:00:34]} Bxf5 {[%clk 0:00:15]} 32. gxf5 {[%clk 0:00:34]} Re7
{[%clk 0:00:16]} 33. Rgc1 {[%clk 0:00:24]} Qf8 {[%clk 0:00:17]} 34. Rc6
{[%clk 0:00:21]} Rf7 {[%clk 0:00:10]} 35. Qd2 {[%clk 0:00:13]} Ra8
{[%clk 0:00:08]} 36. R1c4 {[%clk 0:00:09]} Rd7 {[%clk 0:00:09]} 37. Rc1
{[%clk 0:00:10]} Rdd8 {[%clk 0:00:10]} 38. R1c4 {[%clk 0:00:11]} Qe8
{[%clk 0:00:12]} 39. Rc1 {[%clk 0:00:11]} Qxh5 {[%clk 0:00:13]} 40. Qg2
{[%clk 0:00:04]} Qf7 {[%clk 0:00:08]} 41. Be2 {[%clk 0:00:04]} Qe7
{[%clk 0:00:09]} 42. Bh5 {[%clk 0:00:04]} Ra7 {[%clk 0:00:10]} 43. Qg6
{[%clk 0:00:05]} Rb8 {[%clk 0:00:06]} 44. Rg1 {[%clk 0:00:05]} Kh8
{[%clk 0:00:05]} 45. Qf7 {[%clk 0:00:03]} Qxf7 {[%clk 0:00:05]} 46. Bxf7
{[%clk 0:00:04]} Rf8 {[%clk 0:00:05]} 47. Be6 {[%clk 0:00:05]} Kh7
{[%clk 0:00:04]} 48. Rg6 {[%clk 0:00:06]} Rb8 {[%clk 0:00:05]} 49. Rc1
{[%clk 0:00:07]} Re8 {[%clk 0:00:06]} 50. Rcg1 {[%clk 0:00:08]} Re7
{[%clk 0:00:07]} 51. R1g2 {[%clk 0:00:08]} Ra5 {[%clk 0:00:07]} 52. Rg1
{[%clk 0:00:09]} Rc5 {[%clk 0:00:08]} 53. R1g2 {[%clk 0:00:10]} c6
{[%clk 0:00:07]} 54. dxc6 Rxc6 {[%clk 0:00:09]} 55. Bd5 {[%clk 0:00:08]} Rc5
{[%clk 0:00:10]} 56. Rg1 {[%clk 0:00:06]} Rec7 {[%clk 0:00:11]} 57. R6g2
{[%clk 0:00:05]} Bf8 {[%clk 0:00:10]} 58. Rg3 {[%clk 0:00:03]} Rc2
{[%clk 0:00:10]} 59. R3g2 {[%clk 0:00:05]} R2c5 {[%clk 0:00:10]} 60. Rg3
{[%clk 0:00:06]} Ra7 {[%clk 0:00:08]} 61. R3g2 Rcc7 62. Rg3 {[%clk 0:00:08]} Bc5
{[%clk 0:00:11]} 63. R1g2 {[%clk 0:00:05]} Bb6 {[%clk 0:00:12]} 64. Rg1
{[%clk 0:00:03]} Rc5 {[%clk 0:00:12]} 65. Be6 {[%clk 0:00:03]} Rac7
{[%clk 0:00:13]} 66. Bd5 {[%clk 0:00:03]} Rc2 {[%clk 0:00:11]} 67. Be6
{[%clk 0:00:03]} Re2 {[%clk 0:00:08]} 68. Bd5 {[%clk 0:00:03]} Bxe3
{[%clk 0:00:08]} 69. Rf1 {[%clk 0:00:04]} Bd4 {[%clk 0:00:05]} 70. Rc1
{[%clk 0:00:03]} Rxb2+ {[%clk 0:00:06]} 0-1

[Event "blitz-b18"]
[Site "?"]
[Date "2021.08.27"]
[Round "13.2"]
[White "Czechowski, Jakub"]
[Black "Teclaf, Pawel"]
[Result "0-1"]
[BlackElo "2448"]
[WhiteElo "1784"]
[LiveChessVersion "1.4.4"]

1. d4 {[%clk 0:03:02]} e6 {[%clk 0:03:03]} 2. c4 {[%clk 0:03:03]} b6
{[%clk 0:03:05]} 3. Nc3 {[%clk 0:03:02]} Bb4 {[%clk 0:03:05]} 4. e3
{[%clk 0:02:57]} Bb7 {[%clk 0:03:05]} 5. f3 {[%clk 0:02:58]} Nf6 {[%clk 0:03:00]}
6. Bd3 {[%clk 0:02:58]} c5 {[%clk 0:02:59]} 7. a3 {[%clk 0:02:59]} Bxc3+
{[%clk 0:02:56]} 8. bxc3 {[%clk 0:03:00]} Nc6 {[%clk 0:02:57]} 9. Ne2
{[%clk 0:02:53]} d6 {[%clk 0:02:54]} 10. O-O {[%clk 0:02:51]} Na5
{[%clk 0:02:50]} 11. Ng3 {[%clk 0:02:44]} Qd7 {[%clk 0:02:43]} 12. e4
{[%clk 0:02:26]} cxd4 {[%clk 0:02:33]} 13. cxd4 {[%clk 0:02:26]} Ba6
{[%clk 0:02:34]} 14. e5 {[%clk 0:02:06]} dxe5 {[%clk 0:02:34]} 15. dxe5
{[%clk 0:02:07]} Qd4+ {[%clk 0:02:31]} 16. Kh1 {[%clk 0:02:06]} Qxa1
{[%clk 0:02:20]} 17. exf6 {[%clk 0:02:06]} Qxf6 {[%clk 0:02:14]} 18. Ne4
{[%clk 0:02:07]} Qe7 {[%clk 0:02:13]} 19. Bf4 {[%clk 0:01:47]} Rd8
{[%clk 0:02:09]} 20. Qc2 {[%clk 0:01:00]} O-O {[%clk 0:02:02]} 21. Ng5
{[%clk 0:01:01]} h6 {[%clk 0:01:37]} 22. Ne4 {[%clk 0:00:32]} Rxd3
{[%clk 0:01:36]} 23. Qxd3 {[%clk 0:00:29]} Bxc4 {[%clk 0:01:37]} 24. Qc3
{[%clk 0:00:29]} Bxf1 {[%clk 0:01:34]} 25. Bxh6 {[%clk 0:00:30]} f5
{[%clk 0:01:25]} 26. Bg5 {[%clk 0:00:27]} Qd7 {[%clk 0:01:23]} 0-1

[Event "blitz-b18"]
[Site "?"]
[Date "2021.08.27"]
[Round "13.3"]
[White "Redzisz, Michal"]
[Black "Mis, Mieszko"]
[Result "0-1"]
[BlackElo "2231"]
[WhiteElo "1930"]
[LiveChessVersion "1.4.4"]

1. d4 {[%clk 0:03:01]} Nf6 {[%clk 0:03:03]} 2. Nf3 {[%clk 0:03:02]} e6
{[%clk 0:03:04]} 3. c4 {[%clk 0:03:03]} d5 {[%clk 0:03:04]} 4. g3
{[%clk 0:03:04]} dxc4 {[%clk 0:03:05]} 5. Bg2 {[%clk 0:03:05]} c6
{[%clk 0:03:06]} 6. O-O {[%clk 0:02:53]} b5 {[%clk 0:03:07]} 7. e3
{[%clk 0:02:21]} Bb7 {[%clk 0:03:03]} 8. Qe2 {[%clk 0:02:22]} a6 {[%clk 0:02:46]}
9. b3 {[%clk 0:02:22]} cxb3 {[%clk 0:02:47]} 10. axb3 {[%clk 0:02:24]} c5
{[%clk 0:02:45]} 11. Bb2 {[%clk 0:02:22]} Nbd7 {[%clk 0:02:28]} 12. Rd1
{[%clk 0:02:16]} Qb6 {[%clk 0:02:25]} 13. Nbd2 {[%clk 0:01:38]} cxd4
{[%clk 0:02:20]} 14. Nxd4 {[%clk 0:01:24]} Bc5 {[%clk 0:02:03]} 15. Bc3
{[%clk 0:00:48]} Bxg2 16. Kxg2 O-O {[%clk 0:01:53]} 17. b4 {[%clk 0:00:44]} Be7
{[%clk 0:01:49]} 18. f3 {[%clk 0:00:35]} Nd5 {[%clk 0:01:49]} 19. Ne4
{[%clk 0:00:25]} f5 {[%clk 0:01:26]} 20. Nxe6 {[%clk 0:00:07]} Qxe6
{[%clk 0:01:23]} 21. Qa2 {[%clk 0:00:08]} Nxe3+ {[%clk 0:01:17]} 0-1

[Event "blitz-b18"]
[Site "?"]
[Date "2021.08.27"]
[Round "13.4"]
[White "Pniaczek, Marek"]
[Black "Golecki, Jan"]
[Result "1/2-1/2"]
[BlackElo "1924"]
[WhiteElo "2137"]
[LiveChessVersion "1.4.4"]

1. e4 {[%clk 0:03:03]} e5 {[%clk 0:03:04]} 2. Nf3 {[%clk 0:03:05]} Nc6
{[%clk 0:03:05]} 3. Bc4 {[%clk 0:03:06]} Bc5 4. c3 Nf6 5. d4 exd4
{[%clk 0:03:08]} 6. e5 {[%clk 0:03:11]} d5 {[%clk 0:03:09]} 7. Bb5
{[%clk 0:03:12]} Ne4 {[%clk 0:03:09]} 8. cxd4 Bb6 9. Nc3 {[%clk 0:03:01]} Bg4
{[%clk 0:03:12]} 10. Be3 {[%clk 0:02:46]} O-O {[%clk 0:03:12]} 11. h3 Bh5 12. O-O
{[%clk 0:02:29]} f6 {[%clk 0:02:53]} 13. e6 {[%clk 0:01:21]} Bxf3
{[%clk 0:02:37]} 14. Qxf3 {[%clk 0:01:10]} f5 {[%clk 0:02:07]} 15. Bxc6
{[%clk 0:00:59]} bxc6 {[%clk 0:02:08]} 16. Nxe4 {[%clk 0:00:59]} dxe4
{[%clk 0:01:59]} 17. Qf4 {[%clk 0:00:53]} Qd6 {[%clk 0:01:40]} 18. Rac1
{[%clk 0:00:47]} Qxe6 {[%clk 0:01:40]} 19. b3 {[%clk 0:00:41]} Rad8
{[%clk 0:01:40]} 20. Rc4 {[%clk 0:00:42]} h6 {[%clk 0:01:39]} 21. h4
{[%clk 0:00:42]} Rd6 {[%clk 0:01:33]} 22. Rfc1 {[%clk 0:00:42]} Rfd8
{[%clk 0:01:34]} 23. Kh2 {[%clk 0:00:34]} Kh7 {[%clk 0:01:28]} 24. R1c2
{[%clk 0:00:35]} Qf6 {[%clk 0:01:28]} 25. Rd2 {[%clk 0:00:32]} Rg8
{[%clk 0:01:28]} 26. Qg3 {[%clk 0:00:31]} g5 {[%clk 0:01:29]} 27. hxg5
{[%clk 0:00:31]} hxg5 {[%clk 0:01:30]} 28. Qe5 {[%clk 0:00:22]} Qxe5+
{[%clk 0:00:59]} 29. dxe5 {[%clk 0:00:23]} Bxe3 {[%clk 0:01:00]} 30. Rxd6
{[%clk 0:00:14]} Bf4+ {[%clk 0:01:00]} 31. g3 {[%clk 0:00:15]} cxd6
{[%clk 0:01:01]} 32. gxf4 {[%clk 0:00:17]} dxe5 {[%clk 0:00:53]} 33. fxe5
{[%clk 0:00:18]} Re8 {[%clk 0:00:55]} 34. Rxc6 {[%clk 0:00:14]} Rxe5 35. Rc7+
{[%clk 0:00:17]} Kg6 {[%clk 0:00:57]} 36. Rxa7 f4 {[%clk 0:00:58]} 37. Kg2
{[%clk 0:00:16]} Kf5 {[%clk 0:00:59]} 38. b4 {[%clk 0:00:16]} Kg4
{[%clk 0:01:00]} 39. a4 {[%clk 0:00:12]} Rd5 {[%clk 0:01:01]} 40. Re7
{[%clk 0:00:09]} Rd4 {[%clk 0:00:55]} 41. Rxe4 {[%clk 0:00:09]} Rxe4 42. f3+ Kf5
{[%clk 0:00:56]} 43. fxe4+ {[%clk 0:00:12]} Kxe4 {[%clk 0:00:58]} 44. a5
{[%clk 0:00:13]} Kd5 {[%clk 0:00:30]} 1/2-1/2

[Event "blitz-b18"]
[Site "?"]
[Date "2021.08.27"]
[Round "13.5"]
[White "Baum, Jonasz"]
[Black "Golenia, Wojciech"]
[Result "0-1"]
[BlackElo "1969"]
[WhiteElo "2134"]
[LiveChessVersion "1.4.4"]

1. d4 {[%clk 0:03:03]} Nf6 {[%clk 0:03:03]} 2. c4 {[%clk 0:03:05]} e6
{[%clk 0:03:02]} 3. Nc3 {[%clk 0:03:06]} Bb4 {[%clk 0:03:03]} 4. g3
{[%clk 0:03:08]} O-O {[%clk 0:02:44]} 5. Bg2 {[%clk 0:03:09]} d5 {[%clk 0:02:38]}
6. Nf3 {[%clk 0:03:10]} b6 {[%clk 0:02:35]} 7. O-O {[%clk 0:03:10]} Bb7
{[%clk 0:02:37]} 8. Qb3 {[%clk 0:03:01]} a5 {[%clk 0:02:32]} 9. Rd1
{[%clk 0:02:54]} dxc4 {[%clk 0:02:19]} 10. Qxc4 {[%clk 0:02:52]} Ba6
{[%clk 0:02:20]} 11. Qb3 {[%clk 0:02:41]} Bxc3 {[%clk 0:02:18]} 12. bxc3
{[%clk 0:02:14]} Bxe2 {[%clk 0:02:15]} 13. Re1 {[%clk 0:02:15]} Ba6
{[%clk 0:02:08]} 14. Ne5 {[%clk 0:02:12]} Ra7 {[%clk 0:02:01]} 15. c4 Bb7
{[%clk 0:01:47]} 16. Bxb7 {[%clk 0:01:30]} Rxb7 {[%clk 0:01:48]} 17. Ba3
{[%clk 0:01:28]} Re8 {[%clk 0:01:46]} 18. Rad1 {[%clk 0:01:28]} Nfd7
{[%clk 0:01:34]} 19. Qf3 {[%clk 0:01:26]} Nxe5 {[%clk 0:01:28]} 20. Qxb7
{[%clk 0:01:14]} Nxc4 {[%clk 0:01:27]} 21. Bc1 {[%clk 0:01:11]} c6
{[%clk 0:01:21]} 22. Bf4 {[%clk 0:00:59]} Qc8 {[%clk 0:00:59]} 23. Qxc8
{[%clk 0:00:23]} Rxc8 {[%clk 0:01:00]} 24. a4 {[%clk 0:00:14]} Nb2
{[%clk 0:00:55]} 25. Ra1 {[%clk 0:00:09]} Nd3 {[%clk 0:00:53]} 26. Reb1
{[%clk 0:00:09]} Nxf4 {[%clk 0:00:47]} 27. gxf4 {[%clk 0:00:10]} Nd7
{[%clk 0:00:47]} 28. Rc1 {[%clk 0:00:11]} Kf8 {[%clk 0:00:44]} 29. f5
{[%clk 0:00:10]} Ke7 {[%clk 0:00:35]} 30. fxe6 Kxe6 {[%clk 0:00:36]} 31. Re1+
{[%clk 0:00:10]} Kd6 {[%clk 0:00:36]} 32. Rab1 {[%clk 0:00:11]} Rb8
{[%clk 0:00:33]} 33. Rb2 {[%clk 0:00:10]} Nf6 {[%clk 0:00:29]} 34. Kg2
{[%clk 0:00:08]} Nd5 {[%clk 0:00:29]} 35. Kg3 {[%clk 0:00:08]} Nc3
{[%clk 0:00:25]} 36. Re3 {[%clk 0:00:04]} Nxa4 {[%clk 0:00:20]} 37. Rbe2
{[%clk 0:00:05]} Rb7 {[%clk 0:00:16]} 38. Ra2 {[%clk 0:00:04]} b5
{[%clk 0:00:17]} 39. Kg4 {[%clk 0:00:04]} Rd7 {[%clk 0:00:17]} 40. f4
{[%clk 0:00:03]} Kc7 {[%clk 0:00:19]} 41. h4 {[%clk 0:00:03]} Rxd4
{[%clk 0:00:14]} 42. Re8 {[%clk 0:00:04]} Rd7 {[%clk 0:00:10]} 43. Ra8
{[%clk 0:00:05]} Kb6 {[%clk 0:00:10]} 44. h5 {[%clk 0:00:06]} h6 {[%clk 0:00:06]}
45. Rg8 {[%clk 0:00:07]} f6 {[%clk 0:00:05]} 46. Rb8+ {[%clk 0:00:07]} Kc7
{[%clk 0:00:06]} 47. Ra8 {[%clk 0:00:08]} Kb6 {[%clk 0:00:07]} 48. Rb8+
{[%clk 0:00:09]} Kc7 {[%clk 0:00:08]} 49. Ra8 {[%clk 0:00:09]} Kb6
{[%clk 0:00:10]} 50. Kf5 {[%clk 0:00:10]} c5 {[%clk 0:00:06]} 51. Kg6
{[%clk 0:00:09]} c4 {[%clk 0:00:06]} 52. Rb8+ {[%clk 0:00:10]} Kc5
{[%clk 0:00:06]} 53. Rg8 {[%clk 0:00:06]} Kb4 {[%clk 0:00:04]} 54. Rxg7
{[%clk 0:00:07]} Rd4 {[%clk 0:00:04]} 55. f5 {[%clk 0:00:07]} Kb3
{[%clk 0:00:05]} 56. Ra1 {[%clk 0:00:07]} Kb2 {[%clk 0:00:05]} 57. Rh1
{[%clk 0:00:07]} c3 {[%clk 0:00:06]} 58. Rc7 {[%clk 0:00:06]} c2 {[%clk 0:00:06]}
59. Kxh6 {[%clk 0:00:06]} Nc3 {[%clk 0:00:06]} 60. Kg7 {[%clk 0:00:04]} Rd1
{[%clk 0:00:07]} 61. Rh2 {[%clk 0:00:06]} b4 {[%clk 0:00:04]} 62. h6
{[%clk 0:00:07]} Kb1 {[%clk 0:00:03]} 63. Rxc2 {[%clk 0:00:08]} Kxc2
{[%clk 0:00:04]} 64. Kxf6 {[%clk 0:00:07]} b3 {[%clk 0:00:04]} 65. h7
{[%clk 0:00:04]} Rh1 {[%clk 0:00:06]} 66. Kg7 {[%clk 0:00:05]} b2
{[%clk 0:00:07]} 67. Rb7 {[%clk 0:00:06]} b1=Q {[%clk 0:00:06]} 68. Rxb1
{[%clk 0:00:08]} Kxb1 {[%clk 0:00:07]} 69. f6 {[%clk 0:00:09]} Ne4
{[%clk 0:00:06]} 70. f7 {[%clk 0:00:10]} Rxh7+ {[%clk 0:00:06]} 0-1

[Event "blitz-b18"]
[Site "?"]
[Date "2021.08.27"]
[Round "13.6"]
[White "Suder, Jakub"]
[Black "Koziorowicz, Michal"]
[Result "0-1"]
[BlackElo "2228"]
[WhiteElo "2085"]
[LiveChessVersion "1.4.4"]

1. d4 {[%clk 0:03:03]} f5 {[%clk 0:03:04]} 2. c4 {[%clk 0:03:04]} Nf6
{[%clk 0:03:05]} 3. Nc3 {[%clk 0:03:05]} e6 {[%clk 0:03:06]} 4. Qc2
{[%clk 0:03:05]} d5 {[%clk 0:03:02]} 5. Nf3 {[%clk 0:03:06]} c6 {[%clk 0:03:02]}
6. Bf4 {[%clk 0:03:06]} Be7 {[%clk 0:03:03]} 7. e3 {[%clk 0:03:07]} O-O
{[%clk 0:03:03]} 8. Bd3 {[%clk 0:03:08]} Ne4 {[%clk 0:03:04]} 9. g4
{[%clk 0:03:09]} Kh8 {[%clk 0:03:05]} 10. gxf5 {[%clk 0:03:09]} exf5
{[%clk 0:03:06]} 11. Ne5 {[%clk 0:03:08]} Nd7 {[%clk 0:02:56]} 12. Rg1
{[%clk 0:03:06]} Nxe5 {[%clk 0:02:55]} 13. Bxe5 {[%clk 0:03:06]} Bf6
{[%clk 0:02:56]} 14. Bxf6 {[%clk 0:03:03]} Rxf6 {[%clk 0:02:53]} 15. O-O-O
{[%clk 0:02:59]} Be6 {[%clk 0:02:49]} 16. f3 {[%clk 0:02:47]} Nxc3
{[%clk 0:02:50]} 17. Qxc3 {[%clk 0:02:48]} Qd6 {[%clk 0:02:43]} 18. Rd2
{[%clk 0:02:39]} Raf8 {[%clk 0:02:25]} 19. Kb1 {[%clk 0:02:33]} Qe7
{[%clk 0:02:13]} 20. Re2 {[%clk 0:02:22]} Rh6 {[%clk 0:02:04]} 21. cxd5
{[%clk 0:02:15]} cxd5 {[%clk 0:02:04]} 22. Reg2 {[%clk 0:02:07]} Rg8
{[%clk 0:02:00]} 23. Qc2 {[%clk 0:01:48]} Rc8 {[%clk 0:01:27]} 24. Qa4
{[%clk 0:01:39]} Bd7 {[%clk 0:01:14]} 25. Qb3 {[%clk 0:01:19]} Qxe3
{[%clk 0:00:56]} 26. Rxg7 {[%clk 0:01:16]} Rhc6 {[%clk 0:00:43]} 27. Bc2
{[%clk 0:01:00]} Qxd4 {[%clk 0:00:22]} 28. a3 {[%clk 0:00:56]} Rb6 29. Qa2
{[%clk 0:00:51]} Bb5 {[%clk 0:00:14]} 30. Ka1 {[%clk 0:00:40]} Bd3
{[%clk 0:00:10]} 31. Bxd3 {[%clk 0:00:33]} Qxd3 {[%clk 0:00:11]} 32. Qb1
{[%clk 0:00:22]} Qxf3 {[%clk 0:00:12]} 33. Qe1 {[%clk 0:00:17]} Qe4
{[%clk 0:00:04]} 34. Qd1 {[%clk 0:00:17]} Qe5 {[%clk 0:00:04]} 35. Rxh7+
{[%clk 0:00:16]} Kxh7 {[%clk 0:00:06]} 36. Qh5+ {[%clk 0:00:17]} Rh6 37. Qf7+
{[%clk 0:00:17]} Kh8 {[%clk 0:00:08]} 38. Qxb7 {[%clk 0:00:15]} Rb8
{[%clk 0:00:07]} 0-1

[Event "blitz-b18"]
[Site "?"]
[Date "2021.08.27"]
[Round "13.7"]
[White "Gorkiewicz, Mateusz"]
[Black "Musial, Tomasz"]
[Result "1/2-1/2"]
[BlackElo "1957"]
[WhiteElo "1823"]
[LiveChessVersion "1.4.4"]

1. e4 {[%clk 0:03:03]} e6 {[%clk 0:03:03]} 2. d4 {[%clk 0:03:04]} d5
{[%clk 0:03:05]} 3. e5 {[%clk 0:03:04]} c5 {[%clk 0:03:06]} 4. c3
{[%clk 0:03:05]} Nc6 {[%clk 0:03:07]} 5. Nf3 {[%clk 0:03:06]} Bd7
{[%clk 0:03:08]} 6. Bd3 {[%clk 0:03:06]} cxd4 {[%clk 0:03:07]} 7. cxd4
{[%clk 0:03:07]} Qb6 {[%clk 0:03:08]} 8. Bc2 {[%clk 0:03:08]} Nb4
{[%clk 0:03:04]} 9. O-O {[%clk 0:03:08]} Nxc2 {[%clk 0:02:55]} 10. Qxc2
{[%clk 0:03:08]} Rc8 {[%clk 0:02:52]} 11. Nc3 {[%clk 0:03:08]} Ne7
{[%clk 0:02:51]} 12. Be3 {[%clk 0:03:08]} Nf5 {[%clk 0:02:46]} 13. a3
{[%clk 0:03:07]} Be7 {[%clk 0:02:45]} 14. g4 {[%clk 0:03:07]} Nh4
{[%clk 0:02:25]} 15. Nxh4 {[%clk 0:03:05]} Bxh4 {[%clk 0:02:26]} 16. f4
{[%clk 0:03:05]} Be7 {[%clk 0:02:16]} 17. f5 {[%clk 0:03:00]} f6 {[%clk 0:01:59]}
18. Qd2 {[%clk 0:02:08]} fxe5 {[%clk 0:01:32]} 19. dxe5 {[%clk 0:01:53]} Bc5
{[%clk 0:01:32]} 20. Bxc5 {[%clk 0:01:46]} Qxc5+ {[%clk 0:01:32]} 21. Qf2
{[%clk 0:01:44]} exf5 {[%clk 0:01:08]} 22. gxf5 {[%clk 0:01:27]} O-O
{[%clk 0:00:46]} 23. e6 {[%clk 0:01:13]} Be8 {[%clk 0:00:29]} 24. Qxc5
{[%clk 0:00:47]} Rxc5 {[%clk 0:00:30]} 25. Rad1 {[%clk 0:00:37]} d4
{[%clk 0:00:12]} 26. Ne4 {[%clk 0:00:21]} Rcxf5 {[%clk 0:00:06]} 27. Rxf5
{[%clk 0:00:21]} Rxf5 {[%clk 0:00:07]} 28. Nd6 {[%clk 0:00:23]} Re5
{[%clk 0:00:05]} 29. Nxe8 {[%clk 0:00:20]} Rxe6 {[%clk 0:00:06]} 30. Nc7
{[%clk 0:00:19]} Rc6 {[%clk 0:00:04]} 31. Nb5 {[%clk 0:00:13]} Rb6
{[%clk 0:00:04]} 32. Nxd4 {[%clk 0:00:09]} Rxb2 {[%clk 0:00:05]} 33. Rd3
{[%clk 0:00:10]} Kf7 {[%clk 0:00:05]} 34. Rf3+ {[%clk 0:00:10]} Ke7
{[%clk 0:00:05]} 35. Rf2 {[%clk 0:00:11]} Rb1+ {[%clk 0:00:05]} 36. Kg2
{[%clk 0:00:12]} Kd6 {[%clk 0:00:06]} 37. Kf3 {[%clk 0:00:11]} Kd5
{[%clk 0:00:06]} 38. Rd2 {[%clk 0:00:09]} Kc4 {[%clk 0:00:06]} 39. Kf4
{[%clk 0:00:09]} Ra1 {[%clk 0:00:06]} 40. Ne6 {[%clk 0:00:07]} Rxa3
{[%clk 0:00:03]} 41. Nxg7 {[%clk 0:00:07]} Rh3 {[%clk 0:00:03]} 42. Nf5
{[%clk 0:00:08]} a5 {[%clk 0:00:04]} 43. Nd6+ {[%clk 0:00:09]} Kc3
{[%clk 0:00:05]} 44. Ra2 {[%clk 0:00:10]} Kb3 {[%clk 0:00:05]} 45. Rg2
{[%clk 0:00:07]} a4 {[%clk 0:00:05]} 46. Nxb7 {[%clk 0:00:07]} a3
{[%clk 0:00:06]} 47. Nc5+ {[%clk 0:00:08]} Kc4 {[%clk 0:00:07]} 48. Ne4
{[%clk 0:00:09]} Rd3 {[%clk 0:00:05]} 49. Ra2 {[%clk 0:00:07]} Kb4
{[%clk 0:00:05]} 50. Rg2 {[%clk 0:00:04]} Rb3 {[%clk 0:00:06]} 51. Nd6
{[%clk 0:00:04]} Rb2 {[%clk 0:00:07]} 52. Rg8 {[%clk 0:00:05]} a2
{[%clk 0:00:07]} 53. Ra8 {[%clk 0:00:05]} Kb3 {[%clk 0:00:08]} 54. Nb5
{[%clk 0:00:05]} Rb1 {[%clk 0:00:09]} 55. Nd4+ {[%clk 0:00:06]} Kb2
{[%clk 0:00:08]} 56. Kg5 {[%clk 0:00:07]} a1=Q {[%clk 0:00:09]} 57. Rxa1
{[%clk 0:00:08]} Rxa1 58. Kh6 {[%clk 0:00:08]} Rh1 {[%clk 0:00:10]} 59. Kxh7
{[%clk 0:00:09]} Rxh2+ {[%clk 0:00:11]} 60. Kg6 {[%clk 0:00:10]} Kc3
{[%clk 0:00:12]} 61. Nf5 {[%clk 0:00:11]} Rg2+ {[%clk 0:00:13]} 62. Kf6
{[%clk 0:00:12]} Rf2 {[%clk 0:00:13]} 63. Ke5 {[%clk 0:00:14]} Kc4
{[%clk 0:00:14]} 64. Nd6+ {[%clk 0:00:15]} Kd3 {[%clk 0:00:15]} 65. Kd5
{[%clk 0:01:15]} Rh2 {[%clk 0:00:16]} 66. Ke5 {[%clk 0:01:15]} Rh5+
{[%clk 0:00:17]} 67. Ke6 {[%clk 0:01:17]} Ke3 {[%clk 0:00:17]} 68. Nf5+
{[%clk 0:01:17]} Kf4 {[%clk 0:00:18]} 69. Nd6 {[%clk 0:01:17]} Re5+
{[%clk 0:00:18]} 70. Kf6 {[%clk 0:01:17]} Re1 {[%clk 0:00:19]} 71. Nb5
{[%clk 0:01:11]} Rd1 {[%clk 0:00:19]} 72. Ke6 {[%clk 0:01:12]} Rc1
{[%clk 0:00:18]} 73. Kd5 {[%clk 0:01:12]} Rh1 {[%clk 0:00:17]} 74. Nd6
{[%clk 0:01:12]} Rh5+ {[%clk 0:00:18]} 75. Ke6 {[%clk 0:01:13]} Re5+
{[%clk 0:00:18]} 76. Kf6 {[%clk 0:01:14]} Ra5 {[%clk 0:00:19]} 77. Ke6
{[%clk 0:01:15]} Rc5 {[%clk 0:00:18]} 78. Kf6 {[%clk 0:01:15]} Re5
{[%clk 0:00:19]} 79. Nc4 {[%clk 0:01:14]} Rd5 {[%clk 0:00:18]} 80. Ke6
{[%clk 0:01:15]} Rd4 {[%clk 0:00:20]} 81. Nd6 {[%clk 0:01:15]} Ra4
{[%clk 0:00:19]} 82. Kf6 {[%clk 0:01:16]} Ra6 {[%clk 0:00:20]} 83. Ke6
{[%clk 0:01:17]} Rb6 {[%clk 0:00:20]} 84. Kd5 {[%clk 0:01:18]} Rb1
{[%clk 0:00:22]} 85. Ke6 {[%clk 0:01:18]} Rc1 {[%clk 0:00:22]} 86. Kf6
{[%clk 0:01:18]} Rc6 {[%clk 0:00:22]} 87. Ke6 {[%clk 0:01:19]} Rxd6+
{[%clk 0:00:23]} 1/2-1/2